| 000 | 01280nam a22003377a 4500 | ||
|---|---|---|---|
| 003 | CHAP | ||
| 005 | 20220329143542.0 | ||
| 008 | 080125d1953 mx r 00010 spa d | ||
| 010 | _a98456 | ||
| 011 | _a99428 | ||
| 035 | _a110114 | ||
| 040 | _cCHAP | ||
| 082 | 1 | 0 |
_a299.8 _bP26 1953 |
| 100 | 1 |
_aRuiz de Alarcón, Hernando. _9100638 |
|
| 245 | 1 | 0 |
_aTratado de las idolatrías, supersticiones, dioses, ritos, hechicerías y otras costumbres gentílicas de las razas aborígenes de México _c/Hernando Ruiz de Alarcón, Pedro Sánchez de Aguilar y Gonzalo de Balsalobre |
| 250 | _a3 ed. | ||
| 260 |
_aMéxico : _bFuente Cultural, _c1953 |
||
| 300 |
_a477 p. : _bilus. |
||
| 500 | _acomentarios por Francisco del Paso y Troncoso | ||
| 590 |
_aBATCH-UPD _b10 _c20130110 _lUCH01 _h0905 |
||
| 590 |
_aBATCH-UPD _b10 _c20130410 _lUCH01 _h0532 |
||
| 590 |
_aBATCH-UPD _b10 _c20130914 _lUCH01 _h0529 |
||
| 590 |
_aCONVERSION _b10 _c20130109 _lUCH01 _h1354 |
||
| 650 | 1 | 4 |
_aIndios de México _xCultura. _957627 |
| 650 | 1 | 4 |
_aIndios de México _xVida social y costumbres. _957637 |
| 700 | 1 |
_aBalsalobre, Gonzalo de _99766 |
|
| 700 | 1 |
_aSánchez de Aguilar, Pedro. _9107450 |
|
| 901 | _aBK | ||
| 942 | _cLIBRO | ||
| 949 |
_a299.8 P26 1953 _bBC _cLIBRO _d33724002164595 _eLIBRO _h112571 _i110114 _sb |
||
| 999 |
_c98456 _d98456 |
||